Evangelism for the ordinary church (Registro nro. 69410)
[ vista simple ]
| 000 -LÍDER | |
|---|---|
| Campo fijo de descripción fija | 01061nab a22002177i 4500 |
| 001 - NÚMERO DE CONTROL | |
| Campo de control | 768714001 |
| 003 - IDENTIFICADOR DEL NÚMERO DE CONTROL | |
| Campo de control | CO-MdFUSB |
| 005 - FECHA Y HORA DE LA ULTIMA TRANSACCIÓN | |
| control field | 20240426125410.0 |
| 008 - ELEMENTOS DE LONGITUD FIJA -- INFORMACIÓN GENERAL | |
| Campo fijo de descripción fija -- Información general | 240426t1997 us ||||| |||| 00| 0 eng d |
| 040 ## - FUENTE DE CATALOGACIÓN | |
| Idioma de catalogación | spa |
| Agencia que realiza la transcripción | CO-MdFUSB |
| Agencia que realiza la modificación | CO-MdFUSB |
| 041 ## - CÓDIGO DE IDIOMA | |
| Código de idioma para texto/pista de sonido o título separado | eng |
| 100 ## - ASIENTO PRINCIPAL--NOMBRE PERSONAL | |
| Nombre personal | Bierly, Steve R. |
| Término relacionador | autor |
| 245 ## - TÍTULO | |
| Título | Evangelism for the ordinary church |
| Mención de responsabilidad | / Steve R. Bierly |
| 300 ## - DESCRIPCIÓN FÍSICA | |
| Extensión | Volumen 18, número 3 (summer, 1997), páginas: 43 - 45 |
| Dimensiones | ; 27 cm |
| 520 ## - NOTA DE RESUMEN, ETC. | |
| Nota de sumario, etc. | El tema a tratar es la evangelización para la iglesia ordinaria. Y menciona que sólo porque a la gente no le guste evangelizar no significa que no puedan compartir su fe. Además afirma, que aunque los pastores a menudo escuchan “todo depende del liderazgo”, en realidad “todo depende de Dios”.<br/> |
| 546 ## - NOTA DE IDIOMA | |
| Nota de idioma | Texto en inglés. |
| 650 #7 - ASIENTO SECUNDARIO DE MATERIA - TERMINO TEMÁTICO | |
| Término temático o nombre geográfico como elemento de entrada | Liderazgo |
| Subdivisión general | Aspectos religiosos |
| -- | Cristianismo |
| 9 (RLIN) | 7270 |
| 650 #0 - ASIENTO SECUNDARIO DE MATERIA - TERMINO TEMÁTICO | |
| Término temático o nombre geográfico como elemento de entrada | Evangelización |
| 9 (RLIN) | 362 |
| 773 0# - ASIENTO DE ITEM FUENTE | |
| Biblionumber | 68780 |
| Itemnumber | 82554 |
| Otro identificador del ítem | R2488 |
| Título | Leadership : |
| Número de control del registro | (CO-MdFUSB)768714001 |
| Parte(s) relacionada(s) / Volumen., número. (mes año), páginas | Volumen 18, número 3 (summer, 1997), páginas: 43 - 45 |
| Enumeración y primera página | página: 43 |
| 942 ## - TIPO DE MATERIAL (KOHA) | |
| Tipo de Item KOHA | Artículos de Revista |
No hay ítems disponibles.
